00302nam a2200109 4500008001000000082001500010100001700025245005100042260004000093300002300133650003600156861 T998e a861bT998e aTzoc, Manuel aescop(o)etas para una muerte en versos b...ala aGuatemalabediciones bizarrasc2015 a55billc17 x 9 cm xliteraturaxGuatemalaxpoesía